[Event "It (open)"]
[Site "masterchessopen.com - masterchessopen.com - Calvia (Spain)"]
[Date "2005.10.27"]
[Round "8"]
[White "Svenninggaard Thomas (DEN)"]
[Black "Mellado Trivino Juan (AND)"]
[Result "0-1"]
[WhiteElo "2174"]
[BlackElo "2426"]

1.d4 Nf6 2.c4 c5 3.d5 b5 4.cxb5 a6 5.b6 e6 6.Nc3 Nxd5 7.Nxd5 exd5 8.Qxd5 Nc6
9.Nf3 Rb8 10.Ne5 Qf6 11.Nxc6 dxc6 12.Qe4+ Be7 13.Qf4 Rxb6 14.Qc7 Bd8 15.Qxc8
O-O 16.Qh3 Rxb2 17.Qa3 Rb5 18.e3 Ba5+ 19.Ke2 Qxa1 {#R} 0-1

[Event "It (open)"]
[Site "masterchessopen.com - masterchessopen.com - Bois-Colombes (France)"]
[Date "2005.12.26"]
[Round "6"]
[White "Mostefai Malik (FRA)"]
[Black "Gnininvi Ephrem (FRA)"]
[Result "0-1"]
[WhiteElo "1876"]
[BlackElo "2052"]

1.d4 Nf6 2.c4 c5 3.d5 b5 4.cxb5 a6 5.Nc3 g6 6.e4 d6 7.b6 Qxb6 8.Nf3 Bg7 9.Bc4
Qb4 10.Qe2 Nbd7 11.h3 Nxe4 12.Qxe4 Bxc3+ 13.Kf1 Bg7 14.Bg5 O-O 15.Qd3 Nb6
16.Nd2 Bxb2 17.Rb1 Bf5 18.Qb3 Bxb1 {#R} 0-1

[Event "Bayern Landesliga South 2005/06"]
[Site "masterchessopen.com - masterchessopen.com - Bayern (Germany)"]
[Date "2006.01.15"]
[Round "5"]
[White "Sailer Wolfgang (GER)"]
[Black "Bensch Patrick (GER)"]
[Result "1-0"]
[WhiteElo "2232"]
[BlackElo "2232"]

1.d4 Nf6 2.c4 c5 3.d5 b5 4.cxb5 a6 5.Nc3 axb5 6.e4 b4 7.Nb5 d6 8.Bf4 g5 9.e5
Ne4 10.Qf3 Bg7 11.Bc1 b3 12.Qxe4 Qa5+ 13.Nc3 Bxe5 14.Bb5+ Kd8 15.Ne2 Qb4 16.a3
Qxe4 17.Nxe4 Bb7 18.Bc4 Ra4 19.Nd2 {#r} 1-0

[Event "Ch Ukraine (juniors) (under 14) (g)"]
[Site "masterchessopen.com - masterchessopen.com - Ternopol (Ukraine)"]
[Date "2006.03.08"]
[Round "5"]
[White "Kovaliova Valeria (UKR)"]
[Black "Aganesova Evgeniya (UKR)"]
[Result "1-0"]
[WhiteElo "2033"]
[BlackElo "1880"]

1.d4 Nf6 2.c4 c5 3.d5 b5 4.cxb5 a6 5.b6 d6 6.Nc3 Nbd7 7.e4 Nxb6 8.a4 a5 9.Bb5+
Bd7 10.Qe2 Bxb5 11.Qxb5+ Nbd7 12.Nf3 Rb8 13.Qe2 Nb6 14.Nb5 g6 15.O-O Bg7
16.Nd2 O-O 17.Nb3 Ra8 18.Bd2 Nfd7 19.Nxa5 Bxb2 20.Nc6 Qe8 21.Nc7 {#r} 1-0

[Event "Ch France (juniors) (under 14)"]
[Site "masterchessopen.com - masterchessopen.com - Aix les Bains (France)"]
[Round "7"]
[White "Allorant Adrien (FRA)"]
[Black "Iellatchitch Alexandre (FRA)"]
[Result "0-1"]
[WhiteElo "1943"]
[BlackElo "2074"]

1.d4 c5 2.d5 Nf6 3.c4 b5 4.cxb5 a6 5.Qc2 Nxd5 6.Bd2 e6 7.e4 Nc7 8.Nc3 axb5
9.Nxb5 Nc6 10.Nf3 d5 11.Bf4 Nxb5 12.Bxb5 Qa5+ 13.Qd2 Qxb5 14.exd5 Nb4 15.a4
Nd3+ 16.Kf1 Rxa4 17.Rxa4 Nxf4+ {#R} 0-1

[Event "Ch France (juniors) (under 14)"]
[Site "masterchessopen.com - masterchessopen.com - Aix les Bains (France)"]
[Round "1"]
[White "Villegas Pierre (FRA)"]
[Black "Iellatchitch Alexandre (FRA)"]
[Result "0-1"]
[WhiteElo "1838"]
[BlackElo "2074"]

1.d4 Nf6 2.c4 c5 3.d5 b5 4.cxb5 a6 5.b6 e6 6.Nc3 Nxd5 7.Nxd5 exd5 8.Qxd5 Nc6
9.Qd1 Be7 10.g3 O-O 11.Bg2 Qxb6 12.e3 Rd8 13.Bd5 Bb7 14.a3 c4 15.Nf3 Qa5+
16.Qd2 Bb4 17.axb4 Qxa1 18.Qc2 Nxb4 19.Bxf7+ Kh8 {#R} 0-1

[Event "Memorial Jozef Kochan"]
[Site "masterchessopen.com - masterchessopen.com - Koszalin (Poland)"]
[Date "2006.08.12"]
[Round "9"]
[White "Walczak Przemyslaw (POL)"]
[Black "Chojnowski Marcin (POL)"]
[Result "0-1"]
[WhiteElo "2133"]
[BlackElo "2137"]

1.d4 Nf6 2.c4 c5 3.d5 b5 4.cxb5 a6 5.Nc3 axb5 6.e4 b4 7.Nb5 d6 8.Bf4 g5 9.Bxg5
Nxe4 10.Bf4 Qa5 11.Bc4 Bg7 12.Qe2 f5 13.Nh3 b3+ 14.Kf1 O-O 15.a3 Nd7 16.f3 Nb6
17.g3 Nxc4 18.Qxc4 Ba6 {#R} 0-1

[Event "Memorial V.P.Kozlov"]
[Site "masterchessopen.com - masterchessopen.com - Moscow (Russia)"]
[Date "2006.08.12"]
[Round "10"]
[White "Kushnirov Juruj (RUS)"]
[Black "Zharov Dmitry (RUS)"]
[Result "0-1"]
[WhiteElo "2255"]
[BlackElo "2339"]

1.d4 Nf6 2.c4 c5 3.d5 b5 4.cxb5 a6 5.f3 e6 6.e4 exd5 7.e5 Qe7 8.Qe2 Ng8 9.Nc3
Bb7 10.Nh3 c4 11.Be3 axb5 12.Nf4 Qxe5 13.O-O-O Ne7 14.Qd2 b4 15.Ncxd5 Nxd5
16.Nxd5 c3 17.bxc3 b3 18.axb3 Bxd5 19.Bf4 Qf6 20.Qe3+ Be6 {#R} 0-1

[Event "It (open)"]
[Site "masterchessopen.com - masterchessopen.com - Cambre (Spain)"]
[Date "2006.08.15"]
[Round "6"]
[White "Gomez Lopez Roberto (ESP)"]
[Black "Saez Gabikagogeaskoa Oscar (ESP)"]
[Result "0-1"]
[WhiteElo "2146"]
[BlackElo "2006"]

1.d4 Nf6 2.c4 c5 3.d5 b5 4.cxb5 a6 5.b6 e6 6.Nc3 Nxd5 7.Nxd5 exd5 8.Qxd5 Nc6
9.e4 Be7 10.Bc4 O-O 11.Ne2 Rb8 12.O-O Rxb6 13.Be3 d6 14.Rad1 Be6 15.Qd3 Ne5
{#R} 0-1

[Event "It (open)"]
[Site "masterchessopen.com - masterchessopen.com - Predeal (Romania)"]
[Date "2006.08.17"]
[Round "8"]
[White "Jianu Vlad-Cristian (ROM)"]
[Black "Olarasu Gabriela (ROM)"]
[Result "1-0"]
[WhiteElo "2502"]
[BlackElo "2246"]

1.d4 Nf6 2.c4 c5 3.d5 b5 4.cxb5 a6 5.Nc3 axb5 6.e4 b4 7.Nb5 d6 8.Bf4 g6 9.e5
Nh5 10.exd6 exd6 11.Qe2+ Kd7 12.Be3 Qe7 13.g4 Ng7 14.Nf3 Ra5 15.a4 Qe4 16.Bg2
Qxg4 17.Ne5+ {#r} 1-0

[Event "It (open)"]
[Site "masterchessopen.com - masterchessopen.com - Tilburg (Netherlands)"]
[Date "2006.08.20"]
[Round "5"]
[White "Hensbergen Willem (NED)"]
[Black "Lode Peter (NED)"]
[Result "1-0"]
[WhiteElo "2105"]
[BlackElo "2029"]

1.d4 c5 2.d5 Nf6 3.c4 b5 4.cxb5 a6 5.f3 d6 6.e4 g6 7.a4 Bg7 8.Na3 O-O 9.Ne2 e6
10.Nc3 exd5 11.Nxd5 Nxe4 12.fxe4 Qh4+ 13.Kd2 Qxe4 14.Qf3 Bh6+ 15.Kd1 Qxa4+
16.Nc2 Qh4 17.Bxh6 {#r} 1-0

[Event "Ch Argentina (team)"]
[Site "masterchessopen.com - masterchessopen.com - Buenos Aires (Argentina)"]
[Date "2006.09.03"]
[Round "1"]
[White "Aberbach Angel (ARG)"]
[Black "Giardelli Sergio C (ARG)"]
[Result "0-1"]
[WhiteElo "2081"]
[BlackElo "2413"]

1.d4 Nf6 2.c4 c5 3.d5 b5 4.cxb5 a6 5.Nc3 axb5 6.e4 b4 7.Nb5 d6 8.Bf4 Nbd7
9.Nf3 Ba6 10.e5 Nh5 11.Bg5 Qb6 12.a4 dxe5 13.Nd2 Nhf6 14.Nc4 Qb8 15.Na5 Bb7
16.Nc6 Qc8 17.Nca7 Qd8 18.Nc6 Bxc6 19.dxc6 Nb6 20.a5 Nc8 21.Qxd8+ Kxd8 {#R}
0-1

[Event "Ch Argentina (team)"]
[Site "masterchessopen.com - masterchessopen.com - Buenos Aires (Argentina)"]
[Date "2006.10.15"]
[Round "7"]
[White "Nieva Jose Luis (ARG)"]
[Black "Real De Azua Ernesto (ARG)"]
[Result "0-1"]
[WhiteElo "2107"]
[BlackElo "2396"]

1.d4 Nf6 2.c4 c5 3.d5 b5 4.cxb5 a6 5.b6 e6 6.Nc3 Nxd5 7.Nxd5 exd5 8.Qxd5 Nc6
9.e4 Be7 10.Bc4 O-O 11.Nf3 Rb8 12.O-O Rxb6 13.b3 d6 14.Bf4 Be6 15.Qd3 Bf6
16.Rad1 Nd4 17.e5 Bxc4 18.bxc4 dxe5 19.Nxe5 Re6 {#R} 0-1

[Event "It (open) (active)"]
[Site "masterchessopen.com - masterchessopen.com - El Sauzal (Spain)"]
[Date "2006.11.05"]
[Round "8"]
[White "Garcia Padron Jose (ESP)"]
[Black "Trujillo Delgado Dafnae (ESP)"]
[Result "1-0"]
[WhiteElo "2408"]
[BlackElo "2206"]

1.d4 Nf6 2.c4 c5 3.d5 b5 4.cxb5 a6 5.b6 Qxb6 6.Nc3 d6 7.e4 g6 8.Nf3 Bg7 9.Be2
O-O 10.Rb1 Nxe4 11.Nxe4 Qb4+ 12.Ned2 Bf5 13.Ra1 Bxb2 14.Bxb2 Qxb2 15.O-O Nd7
16.Nc4 Qb7 17.Ne3 Be4 18.Ng5 Nf6 19.Nxe4 Nxe4 20.Qc2 f5 21.Rab1 {#r} 1-0

[Event "It (open)"]
[Site "masterchessopen.com - masterchessopen.com - Torquay (England)"]
[Date "2006.11.25"]
[Round "2"]
[White "Menadue Jeremy F S (ENG)"]
[Black "Waterfield John (ENG)"]
[Result "1-0"]
[WhiteElo "2165"]
[BlackElo "2037"]

1.d4 Nf6 2.c4 c5 3.d5 b5 4.cxb5 a6 5.b6 a5 6.Nc3 Ba6 7.f4 d6 8.Nf3 Nbd7 9.e4
Bxf1 10.Rxf1 Nxb6 11.Ng5 Qd7 12.e5 dxe5 13.Nxf7 Kxf7 14.fxe5 Kg8 15.Qf3 e6
16.exf6 gxf6 {#r} 1-0

[Event "It (open)"]
[Site "masterchessopen.com - masterchessopen.com - Zurich (Switzerland)"]
[Round "7"]
[White "Rodic Donjan (SUI)"]
[Black "Heimann Andreas (GER)"]
[Result "0-1"]
[WhiteElo "2138"]
[BlackElo "2231"]

1.d4 Nf6 2.c4 c5 3.d5 b5 4.cxb5 a6 5.b6 e6 6.Nc3 Bb7 7.e4 exd5 8.exd5 d6 9.g3
Nbd7 10.Bg2 Be7 11.Nh3 O-O 12.O-O Nxb6 13.Nf4 a5 14.b3 Re8 15.Bb2 Bf8 16.Re1
Rxe1+ 17.Qxe1 a4 18.Ne6 fxe6 19.Qxe6+ Kh8 {#R} 0-1

[Event "Bayern Regionalliga Southeast 2006/07"]
[Site "masterchessopen.com - masterchessopen.com - Bayern (Germany)"]
[Date "2007.02.04"]
[Round "5"]
[White "Lautner Josef (AUT)"]
[Black "Hofmann Juergen (GER)"]
[Result "1-0"]
[WhiteElo "2245"]
[BlackElo "2181"]

1.d4 Nf6 2.c4 c5 3.d5 b5 4.cxb5 a6 5.f3 e6 6.e4 exd5 7.e5 Qe7 8.Qe2 Ng8 9.Nc3
Bb7 10.Nh3 f5 11.Nf4 Qf7 12.e6 dxe6 13.Qxe6+ Qxe6+ 14.Nxe6 Kd7 15.Nxf8+ Ke7
16.Na4 {#r} 1-0

[Event "Ch Belgium (team) 2006/07"]
[Site "masterchessopen.com - masterchessopen.com - Belgium"]
[Date "2007.02.11"]
[Round "8"]
[White "Docx Stefan (BEL)"]
[Black "Praet Maarten (BEL)"]
[Result "1-0"]
[WhiteElo "2318"]
[BlackElo "2248"]

1.d4 Nf6 2.c4 c5 3.d5 b5 4.cxb5 a6 5.b6 e6 6.Nc3 Bb7 7.e4 Qxb6 8.Nf3 Be7 9.Be2
O-O 10.O-O Re8 11.Re1 d6 12.dxe6 fxe6 13.Bc4 Bf8 14.Ng5 Bc8 15.Nd5 Nxd5
16.exd5 {#r} 1-0

[Event "Bayern Regionalliga Southeast 2006/07"]
[Site "masterchessopen.com - masterchessopen.com - Bayern (Germany)"]
[Date "2007.03.18"]
[Round "7"]
[White "Ploehn Heiko"]
[Black "Hofmann Juergen (GER)"]
[Result "1-0"]
[WhiteElo "2139"]
[BlackElo "2181"]

1.d4 Nf6 2.c4 c5 3.d5 b5 4.cxb5 a6 5.Nc3 axb5 6.e4 Qa5 7.Bd2 b4 8.e5 bxc3
9.Bxc3 Qb6 10.exf6 exf6 11.Qf3 Bb7 12.Bc4 Be7 13.Ne2 O-O 14.O-O Bd6 15.Ng3 Be5
16.Nf5 Ba6 17.Bxa6 Rxa6 18.Rfe1 d6 19.Re4 Qa7 20.Qh5 Ra4 21.Qg4 {#r} 1-0

[Event "Ch France (team) (nat.2) 2006/07"]
[Site "masterchessopen.com - masterchessopen.com - France"]
[Date "2007.03.18"]
[Round "9"]
[White "De Barros Frederic (FRA)"]
[Black "Daillet Emmanuel (FRA)"]
[Result "1-0"]
[WhiteElo "2132"]
[BlackElo "2220"]

1.d4 Nf6 2.c4 c5 3.d5 b5 4.cxb5 a6 5.Nc3 axb5 6.e4 b4 7.Nb5 d6 8.Bf4 g5 9.Bxg5
Nxe4 10.Bf4 Ra5 11.Bd3 Bg7 12.Qe2 Ba6 13.f3 Qb6 14.fxe4 Bxb5 15.Bxb5+ Qxb5
16.Qg4 Kf8 17.Ne2 Nd7 18.O-O Nf6 19.Qf3 Qe8 {#r} 1-0

[Event "Ch France (juniors) (under 12)"]
[Site "masterchessopen.com - masterchessopen.com - Le Grand Bornand (France)"]
[Round "9"]
[White "Levacic Adrien (FRA)"]
[Black "Ringuet Noe (FRA)"]
[Result "1-0"]
[WhiteElo "1864"]
[BlackElo "1815"]

1.d4 Nf6 2.c4 c5 3.d5 b5 4.cxb5 a6 5.b6 d6 6.Nc3 g6 7.e4 Qxb6 8.a4 a5 9.Be2
Bg7 10.Nf3 O-O 11.O-O Nbd7 12.Ra3 Rb8 13.Nd2 Ba6 14.Bb5 Bxb5 15.axb5 Ne5
16.Kh1 Rfc8 17.f4 Nd3 18.Nc4 Nxe4 19.Qxd3 Bd4 20.Nxb6 {#r} 1-0

[Event "Czech League 2006/07 (2nd) (a)"]
[Site "masterchessopen.com - masterchessopen.com - Czech Republic"]
[Date "2007.04.15"]
[Round "11"]
[White "Vybiral Zdenek (CZE)"]
[Black "Cisler Petr (CZE)"]
[Result "1-0"]
[WhiteElo "2207"]
[BlackElo "2203"]

1.d4 Nf6 2.c4 c5 3.d5 b5 4.cxb5 a6 5.b6 a5 6.Nc3 Ba6 7.e4 Bxf1 8.Kxf1 d6
9.Qa4+ Nfd7 10.Nf3 g6 11.e5 dxe5 12.Nxe5 Bg7 13.b7 Ra6 14.Nc6 Qc7 15.Bf4 e5
16.dxe6 Qxc6 17.exd7+ Kxd7 18.Rd1+ Ke6 19.Qc4+ {#r} 1-0

[Event "It (open) \"]
[Site "masterchessopen.com - masterchessopen.com - Wroclaw (Poland)"]
[Date "2007.04.28"]
[Round "1"]
[White "Pacholec Tomasz (POL)"]
[Black "Rutkowski Maciej (POL)"]
[Result "0-1"]
[WhiteElo "1998"]
[BlackElo "2413"]

1.d4 Nf6 2.c4 c5 3.d5 b5 4.cxb5 a6 5.b6 a5 6.Nc3 Ba6 7.g3 Qxb6 8.Bg2 d6 9.Nf3
g6 10.O-O Bg7 11.Re1 Nbd7 12.Rb1 O-O 13.Bf4 Ng4 14.Qc1 Rfb8 15.Bg5 Re8 16.Bh3
Nde5 17.Nxe5 Nxe5 18.Bf1 Reb8 19.Bh6 Bh8 20.h4 Qb4 21.Nd1 Qxe1 {#R} 0-1

[Event "Tournament \"]
[Site "masterchessopen.com - masterchessopen.com - Lodz (Poland)"]
[Date "2007.05.23"]
[Round "5"]
[White "Strejczek Marek (POL)"]
[Black "Rosniak Dariusz (POL)"]
[Result "1-0"]
[WhiteElo "2138"]
[BlackElo "1988"]

1.d4 Nf6 2.c4 c5 3.d5 b5 4.cxb5 a6 5.b6 e6 6.Nc3 exd5 7.Nxd5 Nxd5 8.Qxd5 Nc6
9.Nf3 Rb8 10.Bg5 f6 11.Bd2 Qxb6 12.Bc3 Bb7 13.O-O-O Nd4 14.Qh5+ g6 15.Qh4 Bxf3
16.gxf3 Be7 17.Bxd4 cxd4 18.Qxd4 Bc5 19.Qxd7+ {#r} 1-0

[Event "Tournament (open)"]
[Site "masterchessopen.com - masterchessopen.com - Kartuzy (Poland)"]
[Date "2007.06.30"]
[Round "9"]
[White "Karski Lukasz (POL)"]
[Black "Wodzynski Michal (POL)"]
[Result "1-0"]
[WhiteElo "1908"]
[BlackElo "1990"]

1.d4 Nf6 2.c4 c5 3.d5 b5 4.cxb5 a6 5.b6 d6 6.Nc3 Qxb6 7.e4 g6 8.Nf3 Bg7 9.Nd2
O-O 10.Be2 Bb7 11.O-O Nbd7 12.Nc4 Qa7 13.Rb1 Rab8 14.Be3 Nb6 15.f3 Nxc4
16.Bxc4 Nd7 17.Kh1 Nb6 18.Bb3 Bxc3 19.bxc3 a5 20.Bh6 Rfd8 {#r} 1-0

[Event "Ch Belgium (open)"]
[Site "masterchessopen.com - masterchessopen.com - Namur (Belgium)"]
[Date "2007.06.30"]
[Round "1"]
[White "Ghislain Jean-Pierre"]
[Black "Martin Fabrice (BEL)"]
[Result "0-1"]
[WhiteElo "1435"]
[BlackElo "1832"]

1.d4 Nf6 2.c4 c5 3.d5 b5 4.cxb5 a6 5.g3 axb5 6.Bg2 d6 7.e4 Nbd7 8.Ne2 g6 9.O-O
Bg7 10.Na3 Qb6 11.Qc2 O-O 12.Be3 Ng4 13.Bd2 Nge5 14.Rfd1 b4 15.Nc4 Nxc4
16.Qxc4 Ba6 17.Qb3 Bxe2 18.Re1 Bb5 {#R} 0-1

[Event "It (open)"]
[Site "masterchessopen.com - masterchessopen.com - Proville (France)"]
[Date "2007.07.01"]
[Round "6"]
[White "Lonnoy Remi (FRA)"]
[Black "Bourgeois Florian (FRA)"]
[Result "1-0"]
[WhiteElo "1961"]
[BlackElo "1770"]

1.d4 Nf6 2.c4 c5 3.d5 b5 4.cxb5 a6 5.Nc3 axb5 6.e4 b4 7.Nb5 d6 8.Bc4 Ba6 9.a4
g6 10.e5 dxe5 11.d6 exd6 12.Bg5 Kd7 13.Qf3 Nc6 {#r} 1-0

[Event "It (open)"]
[Site "masterchessopen.com - masterchessopen.com - Rewal (Poland)"]
[Date "2007.08.23"]
[Round "3"]
[White "Jensen Christine (DEN)"]
[Black "Wieclaw Michal (POL)"]
[Result "0-1"]
[WhiteElo "2018"]
[BlackElo "2221"]

1.d4 Nf6 2.c4 c5 3.d5 b5 4.cxb5 a6 5.f3 e6 6.dxe6 fxe6 7.e3 Be7 8.Nc3 O-O
9.Nh3 d5 10.Nf4 axb5 11.Nxb5 Nc6 12.a4 e5 13.Nxd5 Nxd5 14.Bc4 Be6 15.Qb3 Na5
{#R} 0-1

[Event "Ch Europe (juniors) (under 16) (g)"]
[Site "masterchessopen.com - masterchessopen.com - Sibenik (Croatia)"]
[Date "2007.09.20"]
[Round "7"]
[White "Tsatsalashvili Keti (GEO)"]
[Black "Muzychuk Mariya (UKR)"]
[Result "0-1"]
[WhiteElo "2161"]
[BlackElo "2357"]

1.d4 Nf6 2.c4 c5 3.d5 b5 4.cxb5 a6 5.f3 e6 6.dxe6 fxe6 7.e4 d5 8.exd5 exd5
9.Bg5 Be7 10.Nc3 Be6 11.bxa6 O-O 12.Nge2 d4 13.Bxf6 Bxf6 14.Ne4 Nxa6 15.Nxf6+
Qxf6 16.Ng3 c4 17.b3 d3 18.Ne4 Qd4 19.Be2 Nb4 20.Rc1 Rxa2 21.Nc3 Nc2+ {#R} 0-1

[Event "Ch Spain (universities)"]
[Site "masterchessopen.com - masterchessopen.com - Madrid (Spain)"]
[Date "2008.05.09"]
[Round "5"]
[White "Perez Felipe Marcos Adrian (ESP)"]
[Black "Sierra Canosa Francisco (ESP)"]
[Result "0-1"]
[WhiteElo "2235"]
[BlackElo "2138"]

1.d4 c5 2.d5 Nf6 3.c4 b5 4.cxb5 a6 5.b6 e6 6.Nc3 exd5 7.Nxd5 Nxd5 8.Qxd5 Nc6
9.Nf3 Be7 10.Ne5 O-O 11.Nxc6 dxc6 12.Qxd8 Bxd8 13.Be3 Bxb6 14.f3 Rb8 15.O-O-O
Be6 16.Kb1 Bf5+ 17.Ka1 Rfd8 18.Rc1 Ba5 19.Bxc5 Bd2 20.Rc4 Bc3 {#R} 0-1

[Event "Tournament (open)"]
[Site "masterchessopen.com - masterchessopen.com - Abaza (Russia)"]
[Round "2"]
[White "Trofimov Nikita (RUS)"]
[Black "Kirillov Pavel (RUS)"]
[Result "0-1"]
[WhiteElo "2072"]
[BlackElo "2249"]

1.d4 Nf6 2.c4 c5 3.d5 b5 4.cxb5 a6 5.f3 g6 6.e4 d6 7.Nc3 Bg7 8.Bd2 O-O 9.bxa6
Nxa6 10.Bxa6 Bxa6 11.Nge2 Nd7 12.O-O Qb6 13.b3 c4+ 14.Kh1 cxb3 15.axb3 Bxe2
16.Qxe2 Rxa1 17.Rxa1 Rc8 18.Rc1 Qxb3 19.Qb5 Rxc3 20.Qxd7 Rxc1+ {#R} 0-1

[Event "Cup Volga (open)"]
[Site "masterchessopen.com - masterchessopen.com - Kostroma (Russia)"]
[Round "9"]
[White "Matveev Vladimir (RUS)"]
[Black "Yanovskaya Olesia (RUS)"]
[Result "1-0"]
[WhiteElo "2222"]
[BlackElo "1906"]

1.d4 Nf6 2.c4 c5 3.d5 b5 4.cxb5 a6 5.e3 axb5 6.Bxb5 Na6 7.Nc3 Nc7 8.Bc4 Ba6
9.Bxa6 Rxa6 10.e4 d6 11.a4 g6 12.Nf3 Bg7 13.O-O O-O 14.Bd2 Qb8 15.Rb1 Nd7
16.b3 Qa8 17.Qc2 Rb8 {#r} 1-0

[Event "It (open) (a)"]
[Site "masterchessopen.com - masterchessopen.com - Sukhumi (Georgia)"]
[Date "2008.08.04"]
[Round "2"]
[White "Barsamian Eduard (RUS)"]
[Black "Akbaev Kazbek (RUS)"]
[Result "1-0"]
[WhiteElo "2137"]
[BlackElo "2452"]

1.d4 Nf6 2.c4 c5 3.d5 b5 4.cxb5 a6 5.b6 d6 6.Nc3 Nbd7 7.e4 Qxb6 8.Nf3 g6 9.Nd2
Bg7 10.Nc4 Qc7 11.a4 O-O 12.a5 Bb7 13.Be2 Rfe8 14.O-O Rad8 15.Bg5 h6 16.Bh4
Ne5 17.Qc2 g5 18.Bg3 Ng6 {#r} 1-0

[Event "Ch City (open)"]
[Site "masterchessopen.com - masterchessopen.com - Rostov on Don (Russia)"]
[Round "8"]
[White "Elizarov Dmitry (RUS)"]
[Black "Grechkin E (RUS)"]
[Result "1-0"]
[WhiteElo "2348"]
[BlackElo "2170"]

1.d4 Nf6 2.c4 c5 3.d5 b5 4.cxb5 a6 5.Nc3 Qa5 6.f3 axb5 7.e4 b4 8.Nb5 d6 9.a4
g6 10.e5 dxe5 11.d6 Nbd7 12.Bg5 Rb8 13.Bxf6 exf6 14.Qd5 b3+ 15.Kf2 Bb7 16.Nc7+
Kd8 17.Qxf7 Qd2+ 18.Be2 Qxd6 19.Ne6+ Kc8 20.Qe8# 1-0

[Event "Ch Europe (active)"]
[Site "masterchessopen.com - masterchessopen.com - Warsaw (Poland)"]
[Date "2008.12.20"]
[Round "4"]
[White "Moranda Wojciech (POL)"]
[Black "Brzeski Maciej (POL)"]
[Result "1-0"]
[WhiteElo "2536"]
[BlackElo "2366"]

1.d4 Nf6 2.c4 c5 3.d5 b5 4.cxb5 a6 5.f3 e6 6.e4 c4 7.Bxc4 Qb6 8.Nc3 axb5 9.Bb3
Bc5 10.Nge2 O-O 11.Bg5 exd5 12.Bxd5 Nxd5 13.Nxd5 Qg6 14.Be3 Qd6 15.e5 Qc6
16.Rc1 Na6 17.Bxc5 {#r} 1-0

[Event "Tournament (Elo) \"]
[Site "masterchessopen.com - masterchessopen.com - Warsaw (Poland)"]
[Date "2009.01.30"]
[Round "4"]
[White "Michniewski Tomasz (POL)"]
[Black "Chalupnik Marcin (POL)"]
[Result "1-0"]
[WhiteElo "2190"]
[BlackElo "2273"]

1.d4 Nf6 2.c4 c5 3.d5 b5 4.cxb5 a6 5.b6 e6 6.Nc3 exd5 7.Nxd5 Nxd5 8.Qxd5 Nc6
9.e4 Qxb6 10.Bc4 Be7 11.Qxf7+ Kd8 12.Nf3 Qb4+ 13.Bd2 Qxb2 14.O-O Qf6 15.Qd5
Qd6 16.Rfe1 Rf8 17.Rad1 Kc7 18.Bc3 Qg6 19.Ne5 Nxe5 20.Ba5+ Kb8 21.Qxe5+ {#r}
1-0

[Event "Ch France (team) (nat.1) 2008/09"]
[Site "masterchessopen.com - masterchessopen.com - France"]
[Date "2009.02.07"]
[Round "6"]
[White "Jolly Jean-Francois (FRA)"]
[Black "Tripoteau Nicolas (FRA)"]
[Result "0-1"]
[WhiteElo "2366"]
[BlackElo "2398"]

1.d4 Nf6 2.c4 c5 3.d5 b5 4.cxb5 a6 5.Nc3 axb5 6.e4 b4 7.Nb5 d6 8.Bf4 g5 9.Be3
Bg7 10.e5 Ng4 11.e6 Nxe3 12.fxe3 Qa5 13.exf7+ Kd8 14.Qd2 Bd7 15.Nf3 h6 16.Qd3
Bxb2 17.Qg6 Bxb5 18.Bxb5 Qxb5 19.Qg8+ Kc7 20.Qxh8 Bxh8 21.f8=Q Bxa1 {#R} 0-1

[Event "Ch Europe"]
[Site "masterchessopen.com - masterchessopen.com - Budva (Montenegro)"]
[Date "2009.03.08"]
[Round "3"]
[White "Vujovic Veselin (MNE)"]
[Black "Pap Misa (SRB)"]
[Result "0-1"]
[WhiteElo "2028"]
[BlackElo "2478"]

1.d4 Nf6 2.c4 c5 3.d5 b5 4.cxb5 a6 5.b6 Qxb6 6.Nc3 d6 7.h3 g6 8.e4 Bg7 9.Nf3
O-O 10.Nd2 Nbd7 11.Nc4 Qc7 12.Rb1 Nb6 13.Be3 Bd7 14.Qd2 Rfb8 15.Nxb6 Rxb6
16.a4 Rb4 17.Qc2 Nxe4 18.Nxe4 Rxe4 19.Qxe4 Bf5 {#R} 0-1

[Event "Ch Russia (juniors) (under 16)"]
[Site "masterchessopen.com - masterchessopen.com - Dagomys (Russia)"]
[Date "2009.04.19"]
[Round "5"]
[White "Predke Alexandr (RUS)"]
[Black "Svetlov Dmitry (RUS)"]
[Result "0-1"]
[WhiteElo "2335"]
[BlackElo "2353"]

1.d4 Nf6 2.c4 c5 3.d5 b5 4.cxb5 a6 5.Nc3 axb5 6.e4 b4 7.Nb5 d6 8.Bf4 g5 9.Bxg5
Nxe4 10.Bf4 Qa5 11.Qe2 b3+ 12.Kd1 Qxa2 13.Rc1 Ra4 14.f3 Bg7 15.fxe4 Bxb2
16.Nf3 Rb4 17.e5 Bxc1 18.Bxc1 b2 19.Nxd6+ exd6 20.exd6+ Be6 21.Nd2 Qa4+ {#R}
0-1